Statistics for Belgian Monarchs

Click here to take the quiz!

General Stats

  • This quiz has been taken 35 times
  • The average score is 6 of 8

Answer Stats

reignAnswer% Correct
1831 -1865LeopoldI
94%
1865 - 1909LeopoldII
94%
1934 - 1951LeopoldIII
94%
1909 - 1934AlbertI
81%
1993 - 2013AlbertII
81%
2013 - presentPhilippe / Filip
77%
1951 - 1993Baudouin / Boudewijn
65%
1944 - 1950Charles / Karel
23%

Score Distribution

Percentile by Number Answered

Percent of People with Each Score

Your Score History

You have not taken this quiz